Estadísticas básicas de la Unión Europea
Gorde:
| Erakunde egilea: | |
|---|---|
| Formatua: | Liburua |
| Hizkuntza: | gaztelania |
| Argitaratua: |
Bruselas
Oficina de Publicaciones Oficiales de las Comunidades Europeas
1995
|
| Edizioa: | 32a. ed |
| Saila: | Serie Anuarios
|
| Gaiak: | |
| Etiketak: |
Etiketa erantsi
Etiketarik gabe, Izan zaitez lehena erregistro honi etiketa jartzen!
|
MARC
| LEADER | 00000nam a2200000 a 4500 | ||
|---|---|---|---|
| 001 | UCZ6918 | ||
| 003 | CL-VaPUC | ||
| 008 | 951219e19950000BE |||||||||||||||||spa|d | ||
| 082 | 0 | 4 | |a 337.142 |b EUR |2 21 |
| 110 | 2 | |a EUROSTAT |e author |9 351548 | |
| 245 | 1 | 0 | |a Estadísticas básicas de la Unión Europea |
| 250 | |a 32a. ed | ||
| 300 | |a 373 p | ||
| 942 | |c BK | ||
| 945 | |d 19951219 00:00:00 |a rleighto | ||
| 260 | |a Bruselas |b Oficina de Publicaciones Oficiales de las Comunidades Europeas |c 1995 | ||
| 600 | 0 | 7 | |a UNION EUROPEA |2 CL-VaPUC |9 320734 |
| 650 | 0 | |a Estadísticas |9 258644 | |
| 650 | 0 | |a Economía |9 255568 | |
| 650 | 0 | |a Energía |9 259431 | |
| 650 | 0 | |a Industrias |9 263688 | |
| 650 | 0 | |a Comercio exterior |9 257617 | |
| 650 | 0 | |a Medio ambiente |9 257625 | |
| 650 | 7 | |a TRANSPORTE |2 CL-VaPUC |9 256365 | |
| 583 | |a last modification |c 19951219 00:00:00 |k Rodrigo Vera | ||
| 490 | 0 | |a Serie Anuarios | |
| 999 | |c 243063 |d 243061 | ||
| 952 | |0 0 |1 0 |4 0 |6 337_142000000000000_EUR_1995 |7 0 |8 A |9 256469 |a BIBDER |b BIBDER |d 2019-11-19 |i 3154807 |o 337.142 EUR 1995 |p 3154807 |r 2023-01-25 |w 2019-11-19 |y BK |k DER | ||